Metodologický náčrt genézy a teoretického vymedzenia hospodárstva s prívlastkom poznatkové
Rozvojová genéza spoločnosti a jej hospodárstva z hľadiska ich činiteľov, štruktúry a systémovosti. Informačná genéza ľudskej spoločnosti (a jej hospodárstva). Poznanie a jeho poslanie v ľudskej spoločnosti (a jej hospodárení). Teoretický prístup k vymedzeniu povahy hospodárstva s prívlastkom poznat...
Enregistré dans:
| Auteur principal: | |
|---|---|
| Format: | Chapitre de livre |
| Langue: | slovaque |
| Sujets: | |
| Tags: |
Pas de tags, Soyez le premier à ajouter un tag!
|
MARC
| LEADER | 00000naa$a2200000$$$4500 | ||
|---|---|---|---|
| 001 | 0049860 | ||
| 005 | 20240502071556.8 | ||
| 041 | 0 | |a slo | |
| 044 | |a SK | ||
| 245 | 1 | 0 | |a Metodologický náčrt genézy a teoretického vymedzenia hospodárstva s prívlastkom poznatkové |c Vladimír Choluj |
| 520 | |a Rozvojová genéza spoločnosti a jej hospodárstva z hľadiska ich činiteľov, štruktúry a systémovosti. Informačná genéza ľudskej spoločnosti (a jej hospodárstva). Poznanie a jeho poslanie v ľudskej spoločnosti (a jej hospodárení). Teoretický prístup k vymedzeniu povahy hospodárstva s prívlastkom poznatkové. | ||
| 610 | 2 | 0 | |a ekonomika vedomostná |
| 610 | 2 | 0 | |a vývoj |
| 610 | 2 | 0 | |a spoločnosť informačná |
| 610 | 2 | 0 | |a spoločnosť vedomostná |
| 610 | 2 | 0 | |a vedomosti |
| 610 | 2 | 0 | |a teórie ekonomické |
| 100 | 1 | |a Choluj, Vladimír | |